Разработка системы автоматического управления с использованием технологий интернета вещей и дополненной реальности; Молодежь и современные информационные технологии

書誌詳細
Parent link:Молодежь и современные информационные технологии.— 2024.— С. 642-645
第一著者: Гительман В. С.
その他の著者: Курганов В. В. Василий Васильевич
要約:В работе описывается подход к управлению процессами посредством интеграции технологий Индустрии 4.0: Интернета вещей (беспроводной связи) и дополненной реальности. Разрабатывается архитектура системы автоматического управления с использованием беспроводного протокола MQTT. Осуществляется практическая реализация архитектуры на примере системы автоматического регулирования (САР). В результате разработано AR-приложение для мониторинга параметров и управления процессами
Текстовый файл
言語:ロシア語
出版事項: 2024
シリーズ:Автоматизация технологических процессов и производств
主題:
オンライン・アクセス:http://earchive.tpu.ru/handle/11683/84765
フォーマット: MixedMaterials 電子媒体 図書の章
KOHA link:https://koha.lib.tpu.ru/cgi-bin/koha/opac-detail.pl?biblionumber=676042

MARC

LEADER 00000naa2a2200000 4500
001 676042
005 20250226153110.0
090 |a 676042 
100 |a 20241030d2024 k||y0rusy50 ca 
101 0 |a rus 
102 |a RU 
135 |a drbn ---uucaa 
200 1 |a Разработка системы автоматического управления с использованием технологий интернета вещей и дополненной реальности  |f Гительман В. С., Курганов В. В. 
225 1 |a Автоматизация технологических процессов и производств 
283 |2 RDAcarrier 
320 |a Список использованных источников: 10 назв 
330 |a В работе описывается подход к управлению процессами посредством интеграции технологий Индустрии 4.0: Интернета вещей (беспроводной связи) и дополненной реальности. Разрабатывается архитектура системы автоматического управления с использованием беспроводного протокола MQTT. Осуществляется практическая реализация архитектуры на примере системы автоматического регулирования (САР). В результате разработано AR-приложение для мониторинга параметров и управления процессами 
336 |a Текстовый файл 
463 |0 674802  |9 674802  |c Томск  |d 2024  |n Изд-во ТПУ  |o сборник трудов XXI Международной научно-практической конференции студентов, аспирантов и молодых ученых, 15–18 апреля 2024 г., Томск  |t Молодежь и современные информационные технологии  |u conference_tpu-2024-C04.pdf  |v С. 642-645  |f ред. кол. А. С. Фадеев, Н. Г. Марков, В. Г. Спицын [и др.] 
610 1 |a электронный ресурс 
610 1 |a труды учёных ТПУ 
610 1 |a беспроводная связь 
610 1 |a дополненная реальность 
610 1 |a AR-приложение 
700 1 |a Гительман  |b В. С. 
701 1 |a Курганов  |b В. В.  |c специалист в области информатики и вычислительной техники  |c доцент Томского политехнического университета, кандидат технических наук  |f 1964-  |g Василий Васильевич  |9 12432 
801 0 |a RU  |b 63413507  |c 20241030 
850 |a 63413507 
856 4 |u http://earchive.tpu.ru/handle/11683/84765  |z http://earchive.tpu.ru/handle/11683/84765 
942 |c CF